| 000 | 00797nam a2200265 a 4500 | ||
|---|---|---|---|
| 001 | 60848 | ||
| 003 | BD-RjUL | ||
| 005 | 20211209080905.0 | ||
| 008 | 170103m19881997ii a b 001 0 eng | ||
| 020 | _a8120306244 : | ||
| 035 | _a(BD-RjUL)60972 | ||
| 040 |
_aDLC _cDLC _dBD-RjUL _beng |
||
| 041 | _aeng | ||
| 082 | 0 | 0 |
_a658.3 _223 _bDEP 1988 |
| 100 | 1 |
_aDeCenzo, David A. _9181356 |
|
| 245 | 1 | 0 |
_aPersonnel/human resource management / _cDavid A. DeCenzo, Stephen P. Robbins |
| 250 | _a3rd ed. | ||
| 260 |
_aNew Delhi : _bPrentice-Hall, _c1988 [Printing 1997] |
||
| 300 |
_axvii, 637 p. : _bill. ; _c25 cm. |
||
| 500 | _aIncludes indexes. | ||
| 650 | 0 |
_aPersonnel management. _9170518 |
|
| 650 | 0 |
_aPersonnel _xDirection. _9181357 |
|
| 700 | 1 |
_aRobbins, Stephen P. _9232056 |
|
| 942 |
_2ddc _cBK |
||
| 999 |
_c60848 _d60848 |
||